Kiến trúc đền Việt Nam Qua tư liệu Viện Bảo tồn di tích Tập 2
Các ngôi đền lớn và có tiếng ở phía Bắc, được tư liệu hóa, thể hiện những đặc trưng nổi bậc về kiến trúc như tính quần thể, tạo nên bởi sự bố cục các công trình chính và thứ yếu trong sự đăng đối và chuyển hóa mềm không gian...
Bewaard in:
| Hoofdauteur: | |
|---|---|
| Formaat: | Boek |
| Taal: | Vietnamese |
| Gepubliceerd in: |
H.
Văn hóa Dân tộc
2021
|
| Onderwerpen: | |
| Tags: |
Voeg label toe
Geen labels, Wees de eerste die dit record labelt!
|
| Thư viện lưu trữ: | Thư viện Trường Đại học Nam Cần Thơ |
|---|
| LEADER | 01256nam a22001937a 4500 | ||
|---|---|---|---|
| 001 | NCT_4_007642 | ||
| 008 | 240513b xxu||||| |||| 00| 0 vie d | ||
| 999 | |c 8289 |d 8289 | ||
| 020 | |c 380000 |a 9786047030675 | ||
| 082 | 0 | 4 | |2 23rd ed. |a 726.09597 |b C561/T.2 |
| 100 | 1 | |a Hoàng Đạo Cương |e Chủ biên | |
| 245 | 1 | 0 | |a Kiến trúc đền Việt Nam |b Qua tư liệu Viện Bảo tồn di tích |n Tập 2 |c Hoàng Đạo Cương (Chủ biên) |
| 260 | |a H. |b Văn hóa Dân tộc |c 2021 | ||
| 300 | |a 215tr. |b minh họa |c 24 cm | ||
| 520 | 3 | |a Các ngôi đền lớn và có tiếng ở phía Bắc, được tư liệu hóa, thể hiện những đặc trưng nổi bậc về kiến trúc như tính quần thể, tạo nên bởi sự bố cục các công trình chính và thứ yếu trong sự đăng đối và chuyển hóa mềm không gian. | |
| 653 | |a Quản trị Dịch vụ Du lịch và Lữ hành | ||
| 942 | |2 ddc |c BK | ||
| 952 | |0 0 |1 0 |2 ddc |4 0 |6 726_095970000000000_C561_T_2 |7 0 |9 28864 |a 000001 |b 000001 |d 2024-05-13 |o 726.09597 C561/T.2 |p MD.22416 |r 2024-05-13 |v 380000.00 |w 2024-05-13 |y BK | ||
| 980 | |a Thư viện Trường Đại học Nam Cần Thơ | ||


